| 000 | 01106nam a22002177a 4500 | ||
|---|---|---|---|
| 003 | OSt | ||
| 005 | 20160620110324.0 | ||
| 008 | 140214b2008 els spa | ||
| 040 | _cBMC | ||
| 082 | _a338.90014 | ||
| 100 | 1 |
_935932 _aCuellar Lemus, María Esperanza |
|
| 245 | 1 | 0 |
_aPropuesta de estudio socieoconómico de los socios de la Cooperativa solidarista de R.L. (ATCESSA) de la ciudad de Metapán _b: Informe final de Proyecto _cMarìa Esperanza Cuellar Lemus, Alba Yesenia Mejìa de Ortíz |
| 260 |
_aSanta Ana (El Salvador) _bUniversidad Católica de El Salvador _c2008 |
||
| 300 |
_a1 v. (pág. var.) _c27 cm _e+ 1 disco compacto |
||
| 500 | _aPrecede al tít.: Universidad Católica de El Salvador, Facultad de Ciencias Econòmicas | ||
| 502 | _aTrabajo de graduación para optar al grado académico de Licenciatura en Administración de Empresas | ||
| 650 | 0 |
_94801 _aProyectos de desarrollo económico y social _vEvaluación |
|
| 700 | 1 |
_935933 _aMejía de Ortíz, Alba Yesenia |
|
| 710 | 2 |
_91067 _aUniversidad Católica de El Salvador _bFacultad de Ciencias Empresariales |
|
| 942 |
_2ddc _cTG |
||
| 999 |
_c22201 _d22201 |
||